000 00791nam a22002177a 4500
003 LK-CoMWRAF
005 20240212105846.0
008 231213b2007 |||||||| |||| 00| 0 eng d
020 _a9789747348927
040 _aLK-CoMWRAF
_dLK-CoMWRAF
_eLK-CoMWRAF
041 _aeng
082 _a305.42
_bCLA
245 _aClaiming rights, claiming justice :
_ba guidebook on women human rights defenders
260 _aChaingmai:
_bAsia Pacific Forum on Women, Law and Development,
_c2007
300 _a163 p. : ill. ; 28 cm
650 _aWomen- civil rights workers
650 _aWomen- human rights workers
650 _aWomen- human rights workers Legal status, laws,
856 _uhttps://defendingwomen-defendingrights.org/wp-content/uploads/2014/03/book3NeoWithCovereng.pdf
942 _cBK
999 _c4377
_d4377